|
|
|
|
| LEADER |
00000nas a2200000 a 4500 |
| 001 |
ssj0000498847 |
| 003 |
WaSeSS |
| 005 |
20200512172242.0 |
| 006 |
m d |
| 007 |
cr n |
| 008 |
110429c20109999xn fr pss 0 0eng c |
| 010 |
|
|
|a 2011238371
|
| 016 |
7 |
|
|a 2616961-7
|2 DE-600
|
| 022 |
|
|
|a 1857-6982
|y 1857-6974
|
| 035 |
|
|
|a (WaSeSS)ssj0000498847
|
| 040 |
|
|
|a IUL
|b eng
|c IUL
|d IUL
|d HEBIS
|d OCLCQ
|d OCLCF
|d OCLCO
|d OCLCQ
|d AU@
|d VT2
|d OCLCA
|d OCLCQ
|d OCLCO
|d OCL
|d WaSeSS
|
| 042 |
|
|
|a pcc
|
| 043 |
|
|
|a e-xn---
|
| 050 |
|
4 |
|a G155.A1
|b U85
|
| 245 |
0 |
0 |
|a UTMS journal of economics
|h [electronic resource].
|
| 246 |
1 |
|
|a University of Tourism and Management--Skopje journal of economics
|
| 260 |
|
|
|a Skopje :
|b University of Tourism and Management--Skopje
|
| 362 |
1 |
|
|a Began in 2010.
|
| 506 |
|
|
|a License restrictions may limit access.
|
| 588 |
|
|
|a Description based on: Vol. 1, No. 1; title from PDF contents page (publisher's Web site, viewed April 28, 2011).
|
| 588 |
|
|
|a Latest issue consulted: Vol. 1, No. 2 (viewed April 28, 2011).
|
| 650 |
|
0 |
|a Tourism
|x Management
|v Periodicals.
|
| 650 |
|
0 |
|a Tourism
|v Periodicals.
|
| 650 |
|
0 |
|a Tourism
|z North Macedonia
|v Periodicals.
|
| 650 |
|
7 |
|a Tourism.
|2 fast
|0 (OCoLC)fst01153142
|
| 650 |
|
7 |
|a Tourism
|x Management.
|2 fast
|0 (OCoLC)fst01153180
|
| 651 |
|
7 |
|a North Macedonia.
|2 fast
|0 (OCoLC)fst01212818
|
| 655 |
|
0 |
|a Electronic journals.
|
| 710 |
2 |
|
|a University of Tourism and Management--Skopje.
|
| 776 |
0 |
8 |
|i Print ed.:
|t UTMS journal of economics
|x 1857-6974
|w (DLC) 2011215338
|w (OCoLC)713342095
|
| 856 |
4 |
0 |
|z Full text available from Research Library: 06/01/2010 to present
|u https://search.proquest.com/publication/287917
|